000 00925nam a22002897a 4500
005 20110429122555.0
008 110429t xxu||||| |||| 00| 0 eng d
010 _aENG-102375
020 _a9788175332393
_c995.00
035 _aEN-85908
037 _bDBAD/PUB
040 _aDPL
_bENG
082 _a200
100 _927456
_aSaheed, Suhail
245 _aReligion in 21st century /
_cby Suhail Saheed
260 _aNew Delhi
_bMD Publications
_c2010
270 _a"MD House", 11, Darya Ganj
_bNew Delhi
_e110002
_k91-11-45355555
_mcontact@mdppl.com
300 _avi,303 p.
_c22cm (Hb)
500 _aIncludes bibliographical references and index
610 _927464
650 _927465
651 _927466
700 _927451
710 _927453
942 _2ddc
_cEN
_h200
_mSAH
999 _c52017
_d52017